Hinduism & Hindu Way of Life/ (Record no. 204010)
[ view plain ]
| 000 -LEADER | |
|---|---|
| fixed length control field | 00614nam a22001937a 4500 |
| 005 - DATE AND TIME OF LATEST TRANSACTION | |
| control field | 20240708151100.0 |
| 010 ## - LCCN (DPL NO) | |
| LC control number | ENG-140824 |
| 020 ## - INTERNATIONAL STANDARD BOOK NUMBER | |
| Terms of availability | 495.00 |
| International Standard Book Number | 9357942173 |
| 035 ## - SYSTEM CONTROL NUMBER | |
| System control number | EN-124356 |
| 037 ## - SOURCE OF ACQUISITION | |
| Source of stock number/acquisition | DBAD |
| 082 ## - DEWEY DECIMAL CLASSIFICATION NUMBER | |
| Classification number | 230.1 |
| Edition number | 1 |
| 100 ## - MAIN ENTRY--PERSONAL NAME | |
| Personal name | Gupta, k.c. |
| 245 ## - TITLE STATEMENT | |
| Title | Hinduism & Hindu Way of Life/ |
| Statement of responsibility, etc | by K.C. Gupta |
| 250 ## - EDITION STATEMENT | |
| Edition statement | 1 |
| 260 ## - PUBLICATION, DISTRIBUTION, ETC. (IMPRINT) | |
| Place of publication, distribution, etc | New Delhi |
| Name of publisher, distributor, etc | V&S Publication |
| 270 ## - ADDRESS | |
| City | New Delhi |
| Address | V&S Publication F-2/16, Ansari Road, Daryaganj, New Delhi |
| Postal code | 110002 |
| Electronic mail address | info@vspublishers.com, www.vspublishers.com |
| 300 ## - PHYSICAL DESCRIPTION | |
| Extent | 192p. |
| Dimensions | 24cm (pb) |
| 942 ## - ADDED ENTRY ELEMENTS (KOHA) | |
| Source of classification or shelving scheme | Dewey Decimal Classification |
| Item type | English Books |
| Classification part | 230.1 |
| Call number suffix | GUP |
| Edition | 1 |
| Withdrawn status | Lost status | Not for loan | Collection code | Home library | Current library | Date acquired | Source of acquisition | Cost, normal purchase price | Full call number | Barcode | Cost, replacement price | Koha item type |
|---|---|---|---|---|---|---|---|---|---|---|---|---|
| Non-fiction | New Police Line | New Police Line | 08/07/2024 | DBAD | 495.00 | 230.1 GUP | EN-124356 | 495.00 | English Books |
